000 00516pab a2200181 454500
008 180718b1993 xxu||||| |||| 00| 0 eng d
100 _aSharan, Ramesh
245 _aDeprivation of female farm labourers in Jharkhand region of Bihar
260 _c1993
300 _ap.95-99
362 _aDec
650 _aAgricultural labourers - India - Bihar
650 _aWomen in agriculture - India - Bihar
650 _aWomen - India - Bihar
700 _aDayal, Harishwar
773 _aSocial Change
909 _a29673
999 _c29673
_d29673